[Event "DEM U14w 2018"]
[Site "Willingen GER"]
[Date "2018.05.25"]
[Round "8"]
[White "Glinzner, Alva"]
[Black "Kunisch, Nina"]
[Result "1-0"]
[Termination "normal"]
[Board "5"]
[WhiteElo "1813"]
[BlackElo "1704"]
[WhiteClock "00:33:25"]
[BlackClock "00:03:09"]
[PlyCount "129"]
[WhiteFideId "16206169"]
[BlackFideId "12982849"]
[EventCountry "GER"]
[EventRounds "9"]
[EventType "swiss"]
[EventDate "2018.05.19"]

1. e4 {[%clk 1:30:59]} 1... c5 {[%clk 1:30:50]} 2. Nc3 {[%clk 1:31:19]} 2... e6
{[%clk 1:30:36]} 3. g3 {[%clk 1:31:06]} 3... Nc6 {[%clk 1:28:30]} 4. Bg2 {
[%clk 1:31:08]} 4... a6 {[%clk 1:26:26]} 5. a4 {[%clk 1:28:52]} 5... Nf6 {
[%clk 1:22:02]} 6. d3 {[%clk 1:28:55]} 6... Qc7 {[%clk 1:19:33]} 7. Be3 { [%clk
1:26:58]} 7... Be7 {[%clk 1:15:17]} 8. h3 {[%clk 1:26:44]} 8... h6 { [%clk
1:08:52]} 9. Nge2 {[%clk 1:26:41]} 9... d6 {[%clk 1:04:13]} 10. O-O { [%clk
1:24:42]} 10... Bd7 {[%clk 1:02:32]} 11. Kh1 {[%clk 1:17:29]} 11... g5 { [%clk
0:52:47]} 12. f4 {[%clk 1:07:50]} 12... gxf4 {[%clk 0:45:57]} 13. Nxf4 { [%clk
1:08:06]} 13... O-O-O 14. Nh5 {[%clk 1:06:45]} 14... Nxh5 {[%clk 0:35:42] } 15.
Qxh5 {[%clk 1:07:11]} 15... Rdg8 {[%clk 0:33:06]} 16. Qf3 {[%clk 1:03:34] }
16... Rg7 {[%clk 0:26:37]} 17. Ne2 {[%clk 1:02:55]} 17... Bg5 {[%clk 0:24:55] }
18. Bg1 {[%clk 1:00:00]} 18... Rhg8 {[%clk 0:21:45]} 19. Qf2 {[%clk 0:58:27]}
19... Kb8 {[%clk 0:18:42]} 20. Bh2 {[%clk 0:57:23]} 20... Qc8 {[%clk 0:17:37]}
21. Rfd1 {[%clk 0:55:24]} 21... e5 {[%clk 0:17:03]} 22. Ng1 {[%clk 0:53:26]}
22... h5 {[%clk 0:16:03]} 23. c3 {[%clk 0:52:57]} 23... h4 {[%clk 0:13:34]} 24.
g4 {[%clk 0:51:58]} 24... Nd8 {[%clk 0:11:44]} 25. d4 25... f6 {[%clk 0:09:56]}
26. d5 {[%clk 0:47:44]} 26... Nf7 {[%clk 0:09:49]} 27. b4 {[%clk 0:43:41]}
27... c4 {[%clk 0:05:54]} 28. Rdb1 {[%clk 0:40:13]} 28... Nh6 {[%clk 0:04:48]}
29. Qb6 {[%clk 0:35:15]} 29... Qc7 {[%clk 0:04:30]} 30. Qxc7+ {[%clk 0:34:34]}
30... Kxc7 {[%clk 0:04:59]} 31. b5 {[%clk 0:34:01]} 31... a5 {[%clk 0:05:06]}
32. Nf3 {[%clk 0:33:31]} 32... b6 33. Bf1 {[%clk 0:33:51]} 33... Kb7 { [%clk
0:03:26]} 34. Ra2 {[%clk 0:33:02]} 34... Rc8 {[%clk 0:03:25]} 35. Bg1 { [%clk
0:32:48]} 35... Ng8 {[%clk 0:01:00]} 36. Re2 {[%clk 0:31:17]} 36... Be8 { [%clk
0:00:53]} 37. Bf2 {[%clk 0:30:30]} 37... Rh7 {[%clk 0:01:01]} 38. Be3 { [%clk
0:30:48]} 38... Rg7 {[%clk 0:01:02]} 39. Nd2 {[%clk 0:30:39]} 39... Bg6 { [%clk
0:00:41]} 40. Rbe1 {[%clk 0:29:02]} 40... Rgc7 {[%clk 0:00:54]} 41. Rf2 { [%clk
0:28:35]} 41... Bh7 {[%clk 0:29:56]} 42. Bg2 {[%clk 0:57:59]} 42... Ka7 { [%clk
0:24:50]} 43. Kg1 {[%clk 0:49:26]} 43... Kb7 {[%clk 0:24:03]} 44. Kf1 { [%clk
0:48:16]} 44... Ka7 {[%clk 0:19:53]} 45. Ke2 {[%clk 0:48:18]} 45... Kb7 { [%clk
0:19:54]} 46. Ref1 {[%clk 0:48:34]} 46... Bg6 {[%clk 0:16:11]} 47. Bxg5 { [%clk
0:46:39]} 47... fxg5 {[%clk 0:16:22]} 48. Ke3 {[%clk 0:47:08]} 48... Bh7 {[%clk
0:15:23]} 49. Rf7 {[%clk 0:46:17]} 49... Rxf7 {[%clk 0:09:39]} 50. Rxf7+ {[%clk
0:46:41]} 50... Rc7 {[%clk 0:10:06]} 51. Nxc4 {[%clk 0:44:39]} 51... Nh6 {[%clk
0:08:42]} 52. Nxd6+ {[%clk 0:44:20]} 52... Kb8 {[%clk 0:08:55]} 53. Rxc7 {[%clk
0:44:27]} 53... Kxc7 {[%clk 0:09:17]} 54. Ne8+ {[%clk 0:38:47]} 54... Kd8
{[%clk 0:09:02]} 55. Ng7 {[%clk 0:35:25]} 55... Nf7 {[%clk 0:08:19]} 56. c4
{[%clk 0:34:39]} 56... Kc7 {[%clk 0:07:12]} 57. Kd3 {[%clk 0:34:16]} 57... Bg6
{[%clk 0:06:19]} 58. Ne6+ {[%clk 0:33:48]} 58... Kd6 {[%clk 0:06:27]} 59. c5+ {
[%clk 0:33:25]} 59... bxc5 {[%clk 0:04:36]} 60. b6 {[%clk 0:33:44]} 60... c4+ {
[%clk 0:05:03]} 61. Kxc4 {[%clk 0:33:56]} 61... Ke7 {[%clk 0:05:07]} 62. Kb5 {
[%clk 0:33:07]} 62... Nd6+ {[%clk 0:04:38]} 63. Kxa5 {[%clk 0:33:17]} 63...
Nxe4 {[%clk 0:03:47]} 64. b7 {[%clk 0:33:12]} 64... Nd6 {[%clk 0:03:09]} 65.
b8=Q {[%clk 0:33:25]} 1-0

[Event "DEM U14w 2018"]
[Site "Willingen GER"]
[Date "2018.05.25"]
[Round "8"]
[White "Bardorz, Jana"]
[Black "Pavlov, Liliane"]
[Result "1-0"]
[Termination "normal"]
[Board "6"]
[WhiteElo "1622"]
[BlackElo "1605"]
[WhiteClock "00:20:42"]
[BlackClock "00:02:17"]
[PlyCount "53"]
[WhiteFideId "16208897"]
[BlackFideId "16225449"]
[EventCountry "GER"]
[EventRounds "9"]
[EventType "swiss"]
[EventDate "2018.05.19"]

1. e4 {[%clk 1:30:58]} 1... d5 {[%clk 1:30:46]} 2. exd5 {[%clk 1:31:22]} 2...
Qxd5 {[%clk 1:31:09]} 3. Nc3 {[%clk 1:31:46]} 3... Qd6 {[%clk 1:31:29]} 4. d4 {
[%clk 1:31:31]} 4... c6 {[%clk 1:31:25]} 5. Nge2 {[%clk 1:30:18]} 5... Nf6 {
[%clk 1:29:36]} 6. Bf4 {[%clk 1:29:16]} 6... Qb4 {[%clk 1:28:20]} 7. Qd3 {
[%clk 1:14:05]} 7... g6 {[%clk 1:20:18]} 8. O-O-O {[%clk 1:11:30]} 8... Bf5 {
[%clk 1:18:50]} 9. Qd2 {[%clk 1:07:49]} 9... Nbd7 {[%clk 1:12:15]} 10. Ng3 {
[%clk 1:05:10]} 10... Be6 {[%clk 1:10:20]} 11. Kb1 {[%clk 1:01:52]} 11... a5 {
[%clk 1:00:04]} 12. Bc7 {[%clk 0:52:16]} 12... Nd5 {[%clk 0:54:25]} 13. Nxd5 {
[%clk 0:50:51]} 13... Bxd5 {[%clk 0:44:13]} 14. c4 14... Qxd2 {[%clk 0:38:50]}
15. Rxd2 {[%clk 0:46:29]} 15... Be6 {[%clk 0:38:44]} 16. d5 {[%clk 0:43:38]}
16... cxd5 {[%clk 0:37:55]} 17. cxd5 {[%clk 0:43:31]} 17... Bh6 {[%clk 0:30:58]
} 18. f4 {[%clk 0:40:03]} 18... Bg4 {[%clk 0:24:14]} 19. h3 {[%clk 0:36:46]}
19... e5 {[%clk 0:14:21]} 20. hxg4 {[%clk 0:31:20]} 20... Bxf4 {[%clk 0:14:33]}
21. Rd3 {[%clk 0:30:22]} 21... Rc8 {[%clk 0:13:17]} 22. d6 {[%clk 0:29:15]}
22... Nf6 {[%clk 0:09:14]} 23. Be2 {[%clk 0:23:27]} 23... e4 {[%clk 0:05:29]}
24. Nxe4 {[%clk 0:21:53]} 24... Nd7 {[%clk 0:04:41]} 25. Rf3 {[%clk 0:21:07]}
25... Be5 {[%clk 0:04:19]} 26. Bb5 {[%clk 0:21:00]} 26... Rf8 {[%clk 0:02:17]}
27. Nc5 {[%clk 0:20:42]} 1-0

[Event "DEM U14w 2018"]
[Site "Willingen GER"]
[Date "2018.05.25"]
[Round "8"]
[White "Prudlik, Elisa"]
[Black "Reuter, Elisa"]
[Result "0-1"]
[Termination "normal"]
[Board "7"]
[WhiteElo "1286"]
[BlackElo "1835"]
[WhiteClock "00:16:07"]
[BlackClock "00:25:15"]
[PlyCount "84"]
[WhiteFideId "16209915"]
[BlackFideId "12995444"]
[EventCountry "GER"]
[EventRounds "9"]
[EventType "swiss"]
[EventDate "2018.05.19"]

1. e4 {[%clk 1:30:58]} 1... c5 {[%clk 1:30:57]} 2. Nf3 {[%clk 1:31:21]} 2...
Nc6 {[%clk 1:31:23]} 3. d4 {[%clk 1:31:44]} 3... cxd4 {[%clk 1:31:49]} 4. Nxd4
{[%clk 1:32:05]} 4... g6 {[%clk 1:32:14]} 5. c4 {[%clk 1:32:24]} 5... Bg7 {
[%clk 1:32:40]} 6. Be3 {[%clk 1:32:41]} 6... Nf6 {[%clk 1:33:05]} 7. Nc3 {
[%clk 1:33:01]} 7... O-O {[%clk 1:33:29]} 8. Be2 {[%clk 1:33:27]} 8... d6 {
[%clk 1:33:55]} 9. O-O {[%clk 1:33:45]} 9... Bd7 {[%clk 1:34:20]} 10. Qd2 {
[%clk 1:33:59]} 10... Nxd4 {[%clk 1:34:44]} 11. Bxd4 {[%clk 1:34:14]} 11... Bc6
{[%clk 1:35:11]} 12. f3 {[%clk 1:34:26]} 12... a5 {[%clk 1:35:37]} 13. Rab1 {
[%clk 1:33:41]} 13... Nd7 {[%clk 1:35:54]} 14. Be3 {[%clk 1:33:42]} 14... Nc5 {
[%clk 1:36:19]} 15. b4 {[%clk 1:27:39]} 15... axb4 {[%clk 1:33:05]} 16. Rxb4 {
[%clk 1:27:58]} 16... Ra3 {[%clk 1:31:11]} 17. Bd4 {[%clk 1:19:52]} 17... Bxd4+
{[%clk 1:29:33]} 18. Qxd4 {[%clk 1:20:05]} 18... Qa5 {[%clk 1:28:11]} 19. Rfb1
{[%clk 1:16:04]} 19... Ra8 {[%clk 1:23:58]} 20. Qd2 {[%clk 1:12:00]} 20... Na4
{[%clk 1:15:32]} 21. Nxa4 {[%clk 1:10:46]} 21... Rxa4 {[%clk 1:15:26]} 22. Rxa4
{[%clk 1:11:10]} 22... Qxa4 {[%clk 1:11:23]} 23. Rb2 {[%clk 1:09:48]} 23... Qa3
{[%clk 1:10:15]} 24. Qc2 {[%clk 1:04:35]} 24... Qc5+ {[%clk 1:07:25]} 25. Kh1 {
[%clk 1:04:09]} 25... Ra3 {[%clk 1:06:38]} 26. Qd2 {[%clk 0:59:15]} 26... Ra4 {
[%clk 0:52:22]} 27. h3 {[%clk 0:51:17]} 27... Qe5 {[%clk 0:39:22]} 28. Qc2 {
[%clk 0:46:16]} 28... Ra5 {[%clk 0:27:22]} 29. Bd3 {[%clk 0:36:48]} 29... Qd4 {
[%clk 0:25:41]} 30. Qe2 {[%clk 0:35:06]} 30... Ra3 {[%clk 0:25:08]} 31. Bb1 {
[%clk 0:29:43]} 31... Re3 {[%clk 0:21:31]} 32. Qd2 {[%clk 0:26:46]} 32... Qxd2
{[%clk 0:21:12]} 33. Rxd2 {[%clk 0:26:56]} 33... Re1+ {[%clk 0:21:39]} 34. Kh2
{[%clk 0:27:16]} 34... Rxb1 {[%clk 0:22:06]} 35. Rd3 {[%clk 0:25:54]} 35... Rc1
{[%clk 0:22:31]} 36. Rd4 {[%clk 0:25:36]} 36... Rc2 {[%clk 0:22:55]} 37. a3 {
[%clk 0:25:48]} 37... Rc3 {[%clk 0:23:16]} 38. Rd2 {[%clk 0:20:02]} 38... Rxa3
{[%clk 0:23:38]} 39. Rc2 {[%clk 0:20:06]} 39... Ra5 {[%clk 0:24:03]} 40. Rc3 {
[%clk 0:19:43]} 40... Rc5 {[%clk 0:24:27]} 41. Ra3 {[%clk 0:17:35]} 41... Rxc4
{[%clk 0:24:49]} 42. Ra8+ {[%clk 0:16:07]} 42... Kg7 {[%clk 0:25:15]} 0-1

[Event "DEM U14w 2018"]
[Site "Willingen GER"]
[Date "2018.05.25"]
[Round "8"]
[White "Barutta, Larissa"]
[Black "Liu, Sijia Anna"]
[Result "1/2-1/2"]
[Termination "normal"]
[Board "8"]
[WhiteElo "1676"]
[BlackElo "1748"]
[WhiteClock "00:06:30"]
[BlackClock "00:03:20"]
[PlyCount "75"]
[WhiteFideId "16222946"]
[BlackFideId "12989746"]
[EventCountry "GER"]
[EventRounds "9"]
[EventType "swiss"]
[EventDate "2018.05.19"]

1. d4 {[%clk 1:30:57]} 1... Nf6 {[%clk 1:30:53]} 2. c4 {[%clk 1:31:16]} 2... g6
{[%clk 1:31:13]} 3. Nc3 {[%clk 1:31:37]} 3... Bg7 {[%clk 1:31:29]} 4. e4 {
[%clk 1:31:50]} 4... d6 {[%clk 1:31:42]} 5. f3 {[%clk 1:32:13]} 5... O-O {
[%clk 1:30:39]} 6. Bd3 {[%clk 1:32:25]} 6... e5 {[%clk 1:27:53]} 7. d5 { [%clk
1:32:47]} 7... a5 {[%clk 1:26:03]} 8. a4 {[%clk 1:27:18]} 8... Na6 { [%clk
1:23:30]} 9. Nge2 {[%clk 1:26:10]} 9... Nc5 {[%clk 1:21:29]} 10. Be3 { [%clk
1:25:45]} 10... c6 {[%clk 1:10:59]} 11. Bc2 {[%clk 1:25:09]} 11... Ne8 { [%clk
1:07:58]} 12. Qd2 {[%clk 1:22:46]} 12... f5 {[%clk 1:05:26]} 13. dxc6 { [%clk
1:20:52]} 13... Qc7 {[%clk 1:01:32]} 14. Nd5 {[%clk 1:18:40]} 14... Qf7 { [%clk
1:00:49]} 15. cxb7 {[%clk 1:18:08]} 15... Qxb7 {[%clk 0:59:53]} 16. O-O { [%clk
1:13:29]} 16... f4 {[%clk 0:57:54]} 17. Bf2 {[%clk 1:13:34]} 17... g5 { [%clk
0:56:07]} 18. Rfb1 {[%clk 1:09:28]} 18... Bh6 {[%clk 0:49:10]} 19. h3 { [%clk
1:06:28]} 19... Be6 {[%clk 0:45:58]} 20. b4 {[%clk 1:04:43]} 20... axb4 { [%clk
0:44:23]} 21. Rxb4 {[%clk 1:04:50]} 21... Qg7 {[%clk 0:43:46]} 22. Kf1 { [%clk
1:00:35]} 22... Nf6 {[%clk 0:34:46]} 23. Nec3 {[%clk 0:54:11]} 23... g4 { [%clk
0:27:09]} 24. hxg4 {[%clk 0:49:50]} 24... Nxg4 {[%clk 0:25:26]} 25. Rab1 {[%clk
0:42:36]} 25... Kh8 {[%clk 0:20:57]} 26. Bxc5 {[%clk 0:34:31]} 26... Nh2+
{[%clk 0:18:00]} 27. Ke1 {[%clk 0:34:06]} 27... dxc5 {[%clk 0:18:10]} 28. Rb7
{[%clk 0:31:54]} 28... Qg5 {[%clk 0:15:27]} 29. Nc7 {[%clk 0:24:39]} 29... Bh3
{[%clk 0:12:02]} 30. Nxa8 {[%clk 0:18:10]} 30... Bxg2 {[%clk 0:11:06]} 31. Kd1
{[%clk 0:15:15]} 31... Nxf3 {[%clk 0:10:13]} 32. Qd7 {[%clk 0:15:06]} 32... Bg7
{[%clk 0:07:55]} 33. Rb8 {[%clk 0:13:35]} 33... Bh3 {[%clk 0:05:04]} 34. Qxh3
{[%clk 0:08:41]} 34... Qg1+ {[%clk 0:05:16]} 35. Ke2 {[%clk 0:07:23]} 35...
Qe3+ {[%clk 0:05:24]} 36. Kf1 {[%clk 0:06:04]} 36... Qg1+ {[%clk 0:02:54] } 37.
Ke2 {[%clk 0:06:12]} 37... Qe3+ {[%clk 0:03:20]} 38. Kf1 {[%clk 0:06:30]}
1/2-1/2

[Event "DEM U14w 2018"]
[Site "Willingen GER"]
[Date "2018.05.25"]
[Round "8"]
[White "Schneider, Katharina"]
[Black "Ortlepp, Klaudia"]
[Result "1/2-1/2"]
[Termination "normal"]
[Board "9"]
[WhiteElo "1667"]
[BlackElo "1505"]
[WhiteClock "00:05:22"]
[BlackClock "00:04:50"]
[PlyCount "61"]
[WhiteFideId "16200519"]
[BlackFideId "16206045"]
[EventCountry "GER"]
[EventRounds "9"]
[EventType "swiss"]
[EventDate "2018.05.19"]

1. e4 {[%clk 1:30:58]} 1... e5 {[%clk 1:30:54]} 2. Nf3 {[%clk 1:31:24]} 2...
Nc6 {[%clk 1:31:15]} 3. Bc4 {[%clk 1:31:47]} 3... Bc5 {[%clk 1:31:36]} 4. c3 {
[%clk 1:31:46]} 4... Nf6 {[%clk 1:31:52]} 5. d4 {[%clk 1:32:09]} 5... exd4 {
[%clk 1:32:11]} 6. cxd4 {[%clk 1:32:32]} 6... Bb4+ {[%clk 1:32:31]} 7. Kf1 {
[%clk 1:30:22]} 7... Nxe4 {[%clk 1:21:31]} 8. d5 {[%clk 1:30:33]} 8... Nb8 {
[%clk 1:19:45]} 9. Qd4 {[%clk 1:28:27]} 9... Nf6 {[%clk 1:12:04]} 10. Bg5 {
[%clk 1:22:41]} 10... c5 {[%clk 1:06:53]} 11. Qh4 {[%clk 1:18:29]} 11... d6 {
[%clk 1:02:18]} 12. Nbd2 {[%clk 1:12:50]} 12... Bf5 {[%clk 0:47:27]} 13. Re1+ {
[%clk 1:01:37]} 13... Kf8 {[%clk 0:46:02]} 14. Bb5 {[%clk 1:00:19]} 14... Qb6 {
[%clk 0:30:01]} 15. a4 {[%clk 0:51:06]} 15... Nbd7 {[%clk 0:26:03]} 16. Bxd7 {
[%clk 0:43:41]} 16... Bd3+ {[%clk 0:24:12]} 17. Kg1 {[%clk 0:44:00]} 17... Nxd7
{[%clk 0:24:10]} 18. Be7+ {[%clk 0:43:20]} 18... Kg8 {[%clk 0:24:21]} 19. Qf4 {
[%clk 0:38:16]} 19... c4 {[%clk 0:21:33]} 20. Ng5 {[%clk 0:36:04]} 20... f6 {
[%clk 0:19:08]} 21. Qg4 {[%clk 0:36:07]} 21... f5 {[%clk 0:17:50]} 22. Qf4 {
[%clk 0:26:48]} 22... Ne5 {[%clk 0:16:40]} 23. Ne6 {[%clk 0:23:46]} 23... Re8 {
[%clk 0:12:25]} 24. Qg5 {[%clk 0:15:19]} 24... Ng6 {[%clk 0:11:32]} 25. Nxg7 {
[%clk 0:11:51]} 25... Bxd2 {[%clk 0:05:11]} 26. Qf6 {[%clk 0:03:58]} 26... Bxe1
{[%clk 0:04:26]} 27. Qe6+ {[%clk 0:04:05]} 27... Kxg7 {[%clk 0:04:47]} 28. Qf6+
{[%clk 0:04:22]} 28... Kg8 {[%clk 0:04:32]} 29. Qe6+ {[%clk 0:04:40]} 29... Kg7
{[%clk 0:04:54]} 30. Qf6+ {[%clk 0:05:06]} 30... Kh6 {[%clk 0:04:50]} 31. Qg5+
{[%clk 0:05:22]} 1/2-1/2

[Event "DEM U14w 2018"]
[Site "Willingen GER"]
[Date "2018.05.25"]
[Round "8"]
[White "Schwegler, Jelena"]
[Black "Wucherer, Sophie"]
[Result "1/2-1/2"]
[Termination "normal"]
[Board "10"]
[WhiteElo "1491"]
[BlackElo "1340"]
[WhiteClock "00:05:36"]
[BlackClock "00:11:08"]
[PlyCount "57"]
[WhiteFideId "16225481"]
[BlackFideId "16225473"]
[EventCountry "GER"]
[EventRounds "9"]
[EventType "swiss"]
[EventDate "2018.05.19"]

1. e4 {[%clk 1:30:58]} 1... e6 {[%clk 1:30:54]} 2. d4 {[%clk 1:31:21]} 2... d5
{[%clk 1:31:18]} 3. exd5 {[%clk 1:31:45]} 3... exd5 {[%clk 1:31:40]} 4. c4 {
[%clk 1:32:07]} 4... Nf6 {[%clk 1:24:51]} 5. Nc3 {[%clk 1:30:53]} 5... Be7 {
[%clk 1:23:02]} 6. Nf3 {[%clk 1:30:19]} 6... Bg4 {[%clk 1:18:49]} 7. Be2 {
[%clk 1:29:02]} 7... dxc4 {[%clk 1:18:08]} 8. Bxc4 {[%clk 1:29:10]} 8... O-O {
[%clk 1:18:06]} 9. O-O {[%clk 1:28:57]} 9... Nbd7 {[%clk 1:16:41]} 10. Qd3 {
[%clk 1:25:29]} 10... Nb6 {[%clk 1:14:12]} 11. Bb3 {[%clk 1:22:24]} 11... Bxf3
{[%clk 1:13:17]} 12. Qxf3 {[%clk 1:21:25]} 12... c6 {[%clk 1:13:41]} 13. Be3 {
[%clk 1:18:27]} 13... Qd7 {[%clk 1:05:01]} 14. h3 {[%clk 1:14:28]} 14... Rad8 {
[%clk 1:00:48]} 15. Rad1 {[%clk 1:12:10]} 15... Nfd5 {[%clk 1:00:24]} 16. Bc1 {
[%clk 1:11:13]} 16... Qd6 {[%clk 0:53:58]} 17. Rfe1 {[%clk 1:09:26]} 17... Rd7
{[%clk 0:48:09]} 18. Qg4 {[%clk 1:02:31]} 18... Nxc3 {[%clk 0:44:43]} 19. bxc3
{[%clk 1:02:17]} 19... Nd5 {[%clk 0:43:42]} 20. c4 {[%clk 0:52:26]} 20... Nf6 {
[%clk 0:41:01]} 21. Qf5 {[%clk 0:45:16]} 21... Rfd8 {[%clk 0:36:53]} 22. Bf4 {
[%clk 0:34:44]} 22... Qb4 {[%clk 0:36:10]} 23. Be5 {[%clk 0:30:22]} 23... a5 {
[%clk 0:29:11]} 24. c5 {[%clk 0:27:44]} 24... g6 {[%clk 0:23:21]} 25. Qf4 {
[%clk 0:24:56]} 25... Nd5 {[%clk 0:22:47]} 26. Bxd5 {[%clk 0:18:08]} 26... Rxd5
{[%clk 0:22:34]} 27. Re4 {[%clk 0:15:38]} 27... f5 {[%clk 0:19:00]} 28. Re3 {
[%clk 0:12:06]} 28... Bxc5 {[%clk 0:11:08]} 29. Qg5 {[%clk 0:05:36]} 1/2-1/2

[Event "DEM U14w 2018"]
[Site "Willingen GER"]
[Date "2018.05.25"]
[Round "8"]
[White "Fuchs, Emily"]
[Black "Wagner, Victoria"]
[Result "0-1"]
[Termination "normal"]
[Board "11"]
[WhiteElo "1280"]
[BlackElo "1700"]
[WhiteClock "00:01:06"]
[BlackClock "00:02:57"]
[PlyCount "88"]
[WhiteFideId "16208986"]
[BlackFideId "16232348"]
[EventCountry "GER"]
[EventRounds "9"]
[EventType "swiss"]
[EventDate "2018.05.19"]

1. e4 {[%clk 1:30:57]} 1... c5 {[%clk 1:30:54]} 2. Nf3 {[%clk 1:31:13]} 2... d6
{[%clk 1:31:14]} 3. d4 {[%clk 1:31:38]} 3... cxd4 {[%clk 1:31:39]} 4. c3 {
[%clk 1:32:04]} 4... dxc3 {[%clk 1:31:31]} 5. Nxc3 {[%clk 1:32:28]} 5... Nc6 {
[%clk 1:31:49]} 6. Bc4 {[%clk 1:32:39]} 6... a6 {[%clk 1:32:05]} 7. O-O { [%clk
1:32:57]} 7... Nf6 {[%clk 1:32:20]} 8. Bf4 {[%clk 1:29:15]} 8... Bg4 { [%clk
1:31:55]} 9. Rc1 {[%clk 1:19:27]} 9... e6 {[%clk 1:28:43]} 10. Qe2 { [%clk
0:59:08]} 10... Nd4 {[%clk 1:22:08]} 11. Qe3 {[%clk 0:58:55]} 11... Nxf3+
{[%clk 1:14:36]} 12. gxf3 {[%clk 0:58:19]} 12... Bh5 {[%clk 1:12:59]} 13. Rfd1
{[%clk 0:52:45]} 13... Qa5 {[%clk 1:05:21]} 14. e5 {[%clk 0:43:10]} 14... d5 {
[%clk 0:51:13]} 15. Bb3 {[%clk 0:42:40]} 15... Nd7 {[%clk 0:46:03]} 16. Nxd5 {
[%clk 0:23:34]} 16... Bc5 {[%clk 0:37:12]} 17. Qe2 {[%clk 0:22:16]} 17... O-O {
[%clk 0:22:43]} 18. Ne7+ {[%clk 0:13:42]} 18... Bxe7 {[%clk 0:21:42]} 19. Rxd7
{[%clk 0:14:03]} 19... Bc5 {[%clk 0:17:43]} 20. Rxb7 {[%clk 0:13:01]} 20...
Rac8 {[%clk 0:15:46]} 21. Rd1 {[%clk 0:12:22]} 21... Rb8 {[%clk 0:14:06]} 22.
Bd2 {[%clk 0:10:24]} 22... Qd8 {[%clk 0:13:46]} 23. Bb4 {[%clk 0:09:37]} 23...
Qg5+ 24. Kf1 {[%clk 0:09:06]} 24... Bxb4 {[%clk 0:12:29]} 25. Rdd7 { [%clk
0:02:57]} 25... Rxb7 {[%clk 0:10:48]} 26. Rxb7 {[%clk 0:03:06]} 26... a5 {[%clk
0:08:55]} 27. a3 {[%clk 0:02:19]} 27... Bc5 {[%clk 0:07:28]} 28. Rb5 { [%clk
0:02:07]} 28... Be7 {[%clk 0:06:45]} 29. Rxa5 {[%clk 0:02:14]} 29... Qf4 {[%clk
0:06:12]} 30. Kg2 {[%clk 0:01:51]} 30... Rd8 {[%clk 0:05:25]} 31. Ra4 { [%clk
0:01:11]} 31... Qg5+ {[%clk 0:04:21]} 32. Kf1 {[%clk 0:01:31]} 32... Rd2 {[%clk
0:04:15]} 33. Ra8+ {[%clk 0:01:06]} 33... Bf8 {[%clk 0:04:30]} 34. Qb5 { [%clk
0:00:49]} 34... Bxf3 {[%clk 0:03:37]} 35. Ke1 {[%clk 0:00:44]} 35... Bxa8
{[%clk 0:03:54]} 36. Qa5 {[%clk 0:00:48]} 36... Rd8 {[%clk 0:03:58]} 37. f4 {
[%clk 0:00:46]} 37... Qg1+ {[%clk 0:03:41]} 38. Ke2 {[%clk 0:01:04]} 38... Qg2+
{[%clk 0:03:42]} 39. Ke1 {[%clk 0:00:55]} 39... Qe4+ {[%clk 0:03:51]} 40. Kf1 {
[%clk 0:01:02]} 40... Qxf4+ {[%clk 0:03:16]} 41. Ke1 {[%clk 0:00:57]} 41...
Qe3+ {[%clk 0:02:36]} 42. Kf1 {[%clk 0:01:20]} 42... Bg2+ {[%clk 0:02:36]} 43.
Kxg2 {[%clk 0:01:26]} 43... Rd2+ {[%clk 0:02:57]} 44. Kf1 {[%clk 0:01:06]}
44... Qf2# 0-1